000 00869nam a2200265Ia 4500
003 OSt
005 20220918171806.0
006 a|||||r|||| 00| 0
007 ta
008 220917b |||||||| |||| 00| 0 eng d
020 _a9788176466738 (hbk)
_c1402.5
024 _a239,676
037 _b120, 31/08/2009, Standard Book House
_cTextual
040 _aARTS
_cARTS
_beng
041 _2eng
_aeng
082 _a2v236, P9(2D)
100 _aKumar P S G
_924544
245 0 _aLibrary movement and library development in Gujarat
_b Dadra and Nagar Haveli and Daman and Diu
260 _aDelhi
_bB.R. Publishing Corporation India
_c2009
300 _ax,645p.
_ccm.
490 _aLIbrary in India; 6
650 _aLIBRARY SCIENCE
942 _h2v236, P9(2D)
_cTEXL
_2CC
999 _c141356
_d141356